| 000 | 00485nam a22001817a 4500 | ||
|---|---|---|---|
| 003 | DO-SdBNP | ||
| 005 | 20171205092720.0 | ||
| 008 | 171122b mx||||| |||| 00| 0 spa d | ||
| 020 | _a9682303613 | ||
| 040 |
_aBPMSU _bspa _cBPMSU |
||
| 100 | 1 | _aCastells, Manuel | |
| 245 | 1 | 0 |
_aLa cuestión urbana / _cManuel Castells |
| 260 |
_aMéxico : _bSiglo Veintiuno editores _c1976 |
||
| 300 | _a517 p. | ||
| 942 |
_2ddc _cBK |
||
| 945 | _ainventariado extranjero / DG | ||
| 956 |
_adgarcia _b10 |
||
| 999 |
_c13020 _d13020 |
||